000 00272nam a22001337a 4500
003 SGT
020 _a9781032555232
082 _a777.7
_bHAI
100 _aHAILEY TINA O
245 _aRIG IT RIGHT
260 _aUK
_bCRC PRESS
_c2024
300 _a307
942 _2ddc
_cBK
999 _c34680
_d34680